Football League by Sponsor - Statistics

General Stats
  • This quiz has been taken 54 times
  • The average score is 6 of 29
Answer Stats
Group Hint Answer % Correct
English Premier League 2004–2016 Barclays
93%
Ligue 1 2020–present Uber Eats
63%
La Liga 2016–2023 Santander
53%
La Liga 2008–2016 BBVA
47%
Belgian Pro League 1998–present Jupiler
44%
Lega Serie A 1998–present TIM
37%
Primeira Liga (Liga Portugal 1) 2014–2021 NOS
30%
Primeira Liga (Liga Portugal 1) 2010–2014 ZON (NOS) / Sagres
28%
Scottish Premiership 2021–2023 Cinch
21%
Ligue 1 2017–2020 Conforama
19%
English Premier League 1993–2001 Carling
16%
La Liga 2023– EA Sports
16%
Ligue 1 2002–2008 Orange
14%
Primeira Liga (Liga Portugal 1) 2005–2008 Bwin
9%
Primeira Liga (Liga Portugal 1) 2021–present Bwin
9%
Primeira Liga (Liga Portugal 1) 2008–2010 Sagres
9%
Scottish Premiership 2015–2020 Ladbrokes
7%
English Premier League 2001–2004 Barclaycard
5%
Eredivisie 2017–present KPN
5%
Eredivisie 1990–2002 PTT (KPN) Telecom
5%
Primeira Liga (Liga Portugal 1) 2002–2005 GalpEnergia
2%
Eredivisie 2002–2005 Holland Casino
2%
Russian Premier League 2022–present Mir
2%
Russian Premier League 2007–2008 Rosgosstrakh
2%
Eredivisie 2005–2017 Sponsorloterij
2%
Turkish Süper Lig 2010–2019 Spor Toto
2%
Turkish Süper Lig 2021–present Spor Toto
2%
Russian Premier League 2018–2022 Tinkoff
2%
Turkish Süper Lig 2005–2010 Turkcell
2%
No matching quizzes found
Score Distribution
Percent of People with Each Score
Percentile by Number Answered
Your Score History
You have not taken this quiz